000 00451pab a2200193 454500
008 180718b2007 xxu||||| |||| 00| 0 eng d
100 _aGautam, Harender Raj
245 _aNeed for rainwater harvesting in agriculture
260 _c2007
300 _ap.12-15.
362 _aSep
650 _aAgriculture
650 _aHarvesting
650 _aRain
700 _aRohtashav Kumar Er.
773 _aKurukshetra
908 _aN
909 _a75663
999 _c75663
_d75663